| 000 | 00474nam a2200097Ia 4500 | ||
|---|---|---|---|
| 008 | 180130s9999 xx 000 0 und d | ||
| 245 |
_cWu, Kewen; Noorian, Zeinab; Vassileva, Julita; Adaji, Ifeoma _aHow buyers perceive the credibility of advisors in online marketplace: review balance, review count and misattribution |
||
| 260 | _c2016 | ||
| 300 | _aBook title: Trust management and information security--Acession number C20744; pages 175-192 | ||
| 650 | _aINFORMATION SECURITY | ||
| 999 |
_c354201 _d354201 |
||